| 000 | 01038nam a2200361Ia 4500 | ||
|---|---|---|---|
| 001 | Z_6221 | ||
| 003 | CHAP | ||
| 008 | 220113s2008 xx 000 0 und d | ||
| 010 | _a169463 | ||
| 020 | _a978-99926-44-32-4 | ||
| 040 | _cCHAP | ||
| 082 | _a636.293 H56 | ||
| 100 |
_aHincapié Sánchez, John Jairo _9144193 |
||
| 245 |
_aCria y manejo del búfalo de agua / _cJohn Jairo Hincapié Sánchez y Emilio Campo Pipaon |
||
| 260 |
_aHonduras : _b[Lithocom], _c2008 |
||
| 300 | _a124 p. | ||
| 503 | _aej.1: Donado por Profesor Castrellón | ||
| 504 | _aBibliografía: p.120 - 121 | ||
| 650 |
_aBúfalo de agua _9144194 |
||
| 650 |
_aBúfalos _914737 |
||
| 650 |
_aBuffaloes _9144195 |
||
| 650 |
_aCattle _xBreeding _9144196 |
||
| 650 |
_aCattle _xBreeds _9144197 |
||
| 650 |
_aGanado vacuno _x _x Mejoramiento _9144198 |
||
| 650 |
_aGanado vacuno _x _x Razas _9137206 |
||
| 700 | _aCampo Pipaon, Emilio, coaut. | ||
| 901 | _a636.293 H56 | ||
| 902 | _aA | ||
| 910 | _a2008 | ||
| 942 | _c1 | ||
| 942 | _cc1 | ||
| 999 |
_c169463 _d169463 |
||